Search the Library Catalogue
| 000 -LEADER | |
|---|---|
| fixed length control field | 00798nam a2200181Ia 4500 |
| 008 - FIXED-LENGTH DATA ELEMENTS--GENERAL INFORMATION | |
| fixed length control field | 191130s2002##################000#0#tam## |
| 082 ## - DEWEY DECIMAL CLASSIFICATION NUMBER | |
| Classification number | 321.094 FAN |
| 100 ## - MAIN ENTRY--AUTHOR NAME | |
| Personal name | Fanon, Frantz |
| 245 ## - TITLE STATEMENT | |
| Title | ஒடுக்கப்பட்டவர்கள் : விடுதலையின் வடிவங்கள் |
| Statement of responsibility, etc | ஃப்ரான்ஸ் ஃபனான் ; ஆங்கிலம் வழி தமிழில் வி. நடராடஜ் |
| 250 ## - EDITION STATEMENT | |
| Edition statement | 1. பதிப்பு |
| 260 ## - PUBLICATION, DISTRIBUTION, ETC. (IMPRINT) | |
| Place of publication | கோயம்புத்தூர் |
| Name of publisher | விடியல் பதிப்பகம் |
| Year of publication | 2002 |
| 300 ## - PHYSICAL DESCRIPTION | |
| Number of Pages | 319 p. |
| 650 ## - SUBJECT ADDED ENTRY--TOPICAL TERM | |
| Topical Term | அரசியல் |
| 991 ## - | |
| -- | 8078 |
No items available.